00899nam a2200289 a 450000500170000000800410001704000270005804100080008504400080009308200140010110000280011524500540014326000500019730000490024765000180029665000260031465000300034065000260037065000310039665000360042765000200046365000260048366200370050970000200054670000250056670000180059120200104041529.0140304s2001 wauo fr|||| 000 0 eng d aCO-BoIAVH cCO-BoIAVH 0 aeng axxu04a577bA45b1 aAlonso, AlfonsoeEditor10aBiodiversity connecting with the tapestry of life aWashington :bSmithsonian Institution,c2001. a31 páginas :bFotografías ;c28 x 22 cm.16aBiodiversidad26aDiversidad genética26aDiversidad de ecosistemas26aServicios ambientales26aPérdida de biodiversidad26aConservación de biodiversidad26aInvestigación26aDesarrollo sostenible aEstados Unidos de Norteamérica1 aRaven, Peter H.1 aDallmeire, Francisco1 aGranek, Elise